| 000 | 00000nam 2200000za 4500 |
| 001 | 9.846952 |
| 003 | CaOODSP |
| 005 | 20250403110010 |
| 007 | cr ||||||||||| |
| 008 | 171110s1998 onc o f100 0 fre d |
| 040 | |aCaOODSP|bfre |
| 041 | |aeng|afre |
| 043 | |an-cn--- |
| 086 | 1 |aCS11-535/1998-PDF |
| 111 | 2 |aSymposium sur les données linguistiques sur les minorités de langue officielle|d(1998 :|cOttawa, Ont.) |
| 245 | 10|aSymposium, Language Data on Official Language Minorities |h[ressource électronique] : |bsummary of presentations and discussions : Ottawa, March 12 & 13, 1998. |
| 246 | 1 |iTitre de la couverture additionnelle : |aSymposium, Données linguistiques sur les minontés de langue officielle : |bsommaire des exposés et discussions : Ottawa, le 12 et 13 mars 1998 |
| 260 | |a[Ottawa : |bStatistique Canada, |c1998?] |
| 300 | |aiv, 90, iv, 98 p. |
| 500 | |aTitre de la couv. |
| 500 | |aPréparé par : Jean-Pierre Corbeil. Cf. P. [i]. |
| 500 | |aÉdition numérisée de l'imprimé [par Statistique Canada]. |
| 530 | |aÉgalement publ. en version imprimée. |
| 546 | |aTexte en anglais et en français. |
| 692 | 07|2gccst|aMinorité linguistique |
| 692 | 07|2gccst|aLangue officielle |
| 692 | 07|2gccst|aDonnées du recensement |
| 692 | 07|2gccst|aAnalyse statistique |
| 692 | 07|2gccst|aCongrès |
| 700 | 1 |aCorbeil, Jean-Pierre, |d1961- |
| 710 | 2 |aStatistique Canada. |
| 791 | |tSymposium, Language Data on Official Language Minorities |eeng|w(CaOODSP)9.846945 |
| 856 | 40|qPDF|s16.23 Mo|uhttps://publications.gc.ca/collections/collection_2017/statcan/CS11-535-1998.pdf |
| 986 | |a11-535-XPB |